Angličtina Jazyková obchodní průprava

Salvato in:
Dettagli Bibliografici
Autore principale: Jirků, Danuše
Natura: Libro
Lingua:ceco
Pubblicazione: Praha Státní pedagogické nakladatelství 1991
Edizione:2. vyd.
Soggetti:
Tags: Aggiungi Tag
Nessun Tag, puoi essere il primo ad aggiungerne!!

MARC

LEADER 00000nam a2200000 4500
001 c000922
005 20221214093133.1
020 |a 80-04-25879-2 
041 0 |a cze 
044 |a CZ 
245 1 0 |a Angličtina  |b Jazyková obchodní průprava  |c Danuše Jirků 
250 |a 2. vyd. 
264 1 |a Praha  |b Státní pedagogické nakladatelství  |c 1991 
300 |a 101 s. 
610 2 0 |a angličtina 
610 2 0 |a obchod 
610 2 0 |a metodika 
610 2 0 |a obchod zahraničný 
610 2 0 |a korešpondencia 
100 1 |a Jirků, Danuše